<?xml version="1.0" encoding="UTF-8"?>
<record
    xmlns:xsi="http://www.w3.org/2001/XMLSchema-instance"
    xsi:schemaLocation="http://www.loc.gov/MARC21/slim http://www.loc.gov/standards/marcxml/schema/MARC21slim.xsd"
    xmlns="http://www.loc.gov/MARC21/slim">

  <leader>00453nam a2200169   4500</leader>
  <controlfield tag="003">SEACOMEC</controlfield>
  <controlfield tag="005">20240827151712.0</controlfield>
  <controlfield tag="008">240827b        |||||||| |||| 00| 0 eng d</controlfield>
  <datafield tag="020" ind1=" " ind2=" ">
    <subfield code="a">978-0074515051</subfield>
    <subfield code="c">210.00</subfield>
  </datafield>
  <datafield tag="040" ind1=" " ind2=" ">
    <subfield code="a">SEACOMEC</subfield>
  </datafield>
  <datafield tag="082" ind1=" " ind2=" ">
    <subfield code="a">620.11</subfield>
    <subfield code="b">A277</subfield>
  </datafield>
  <datafield tag="100" ind1=" " ind2=" ">
    <subfield code="a">  Agarwal , B.K.</subfield>
  </datafield>
  <datafield tag="245" ind1=" " ind2=" ">
    <subfield code="a">Introduction to Engineering Materials/ </subfield>
    <subfield code="c">  B.K.  Agarwal </subfield>
  </datafield>
  <datafield tag="260" ind1=" " ind2=" ">
    <subfield code="a">New Delhi</subfield>
    <subfield code="b">McGraw Hill Education</subfield>
    <subfield code="c">1988</subfield>
  </datafield>
  <datafield tag="300" ind1=" " ind2=" ">
    <subfield code="a">353p</subfield>
  </datafield>
  <datafield tag="942" ind1=" " ind2=" ">
    <subfield code="c">BOOK</subfield>
  </datafield>
  <datafield tag="952" ind1=" " ind2=" ">
    <subfield code="0">0</subfield>
    <subfield code="1">0</subfield>
    <subfield code="2">ddc</subfield>
    <subfield code="4">0</subfield>
    <subfield code="7">0</subfield>
    <subfield code="a">SEACOMEC</subfield>
    <subfield code="b">SEACOMEC</subfield>
    <subfield code="d">2007-08-16</subfield>
    <subfield code="l">0</subfield>
    <subfield code="o">620.11 A277</subfield>
    <subfield code="p">8006</subfield>
    <subfield code="r">2024-08-27 15:15:59</subfield>
    <subfield code="w">2024-08-27</subfield>
    <subfield code="y">REF</subfield>
  </datafield>
  <datafield tag="952" ind1=" " ind2=" ">
    <subfield code="0">0</subfield>
    <subfield code="1">0</subfield>
    <subfield code="2">ddc</subfield>
    <subfield code="4">0</subfield>
    <subfield code="7">0</subfield>
    <subfield code="a">SEACOMEC</subfield>
    <subfield code="b">SEACOMEC</subfield>
    <subfield code="d">2007-08-16</subfield>
    <subfield code="l">0</subfield>
    <subfield code="o">620.11 A277</subfield>
    <subfield code="p">8007</subfield>
    <subfield code="r">2024-08-27 15:15:59</subfield>
    <subfield code="t">1</subfield>
    <subfield code="w">2024-08-27</subfield>
    <subfield code="y">BOOK</subfield>
  </datafield>
  <datafield tag="952" ind1=" " ind2=" ">
    <subfield code="0">0</subfield>
    <subfield code="1">0</subfield>
    <subfield code="2">ddc</subfield>
    <subfield code="4">0</subfield>
    <subfield code="7">0</subfield>
    <subfield code="a">SEACOMEC</subfield>
    <subfield code="b">SEACOMEC</subfield>
    <subfield code="d">2007-08-16</subfield>
    <subfield code="l">0</subfield>
    <subfield code="o">620.11 A277</subfield>
    <subfield code="p">8008</subfield>
    <subfield code="r">2024-08-27 15:15:59</subfield>
    <subfield code="t">2</subfield>
    <subfield code="w">2024-08-27</subfield>
    <subfield code="y">BOOK</subfield>
  </datafield>
  <datafield tag="952" ind1=" " ind2=" ">
    <subfield code="0">0</subfield>
    <subfield code="1">0</subfield>
    <subfield code="2">ddc</subfield>
    <subfield code="4">0</subfield>
    <subfield code="7">0</subfield>
    <subfield code="a">SEACOMEC</subfield>
    <subfield code="b">SEACOMEC</subfield>
    <subfield code="d">2007-08-16</subfield>
    <subfield code="l">0</subfield>
    <subfield code="o">620.11 A277</subfield>
    <subfield code="p">8009</subfield>
    <subfield code="r">2024-08-27 15:15:59</subfield>
    <subfield code="t">3</subfield>
    <subfield code="w">2024-08-27</subfield>
    <subfield code="y">BOOK</subfield>
  </datafield>
  <datafield tag="952" ind1=" " ind2=" ">
    <subfield code="0">0</subfield>
    <subfield code="1">0</subfield>
    <subfield code="2">ddc</subfield>
    <subfield code="4">0</subfield>
    <subfield code="7">0</subfield>
    <subfield code="a">SEACOMEC</subfield>
    <subfield code="b">SEACOMEC</subfield>
    <subfield code="d">2007-08-16</subfield>
    <subfield code="l">0</subfield>
    <subfield code="o">620.11 A277</subfield>
    <subfield code="p">8010</subfield>
    <subfield code="r">2024-08-27 15:15:59</subfield>
    <subfield code="t">4</subfield>
    <subfield code="w">2024-08-27</subfield>
    <subfield code="y">BOOK</subfield>
  </datafield>
  <datafield tag="952" ind1=" " ind2=" ">
    <subfield code="0">0</subfield>
    <subfield code="1">0</subfield>
    <subfield code="2">ddc</subfield>
    <subfield code="4">0</subfield>
    <subfield code="7">0</subfield>
    <subfield code="a">SEACOMEC</subfield>
    <subfield code="b">SEACOMEC</subfield>
    <subfield code="d">2007-08-16</subfield>
    <subfield code="l">0</subfield>
    <subfield code="o">620.11 A277</subfield>
    <subfield code="p">8011</subfield>
    <subfield code="r">2024-08-27 15:15:59</subfield>
    <subfield code="t">5</subfield>
    <subfield code="w">2024-08-27</subfield>
    <subfield code="y">BOOK</subfield>
  </datafield>
  <datafield tag="952" ind1=" " ind2=" ">
    <subfield code="0">0</subfield>
    <subfield code="1">0</subfield>
    <subfield code="2">ddc</subfield>
    <subfield code="4">0</subfield>
    <subfield code="7">0</subfield>
    <subfield code="a">SEACOMEC</subfield>
    <subfield code="b">SEACOMEC</subfield>
    <subfield code="d">2007-08-16</subfield>
    <subfield code="l">0</subfield>
    <subfield code="o">620.11 A277</subfield>
    <subfield code="p">8012</subfield>
    <subfield code="r">2024-08-27 15:15:59</subfield>
    <subfield code="t">6</subfield>
    <subfield code="w">2024-08-27</subfield>
    <subfield code="y">BOOK</subfield>
  </datafield>
  <datafield tag="952" ind1=" " ind2=" ">
    <subfield code="0">0</subfield>
    <subfield code="1">0</subfield>
    <subfield code="2">ddc</subfield>
    <subfield code="4">0</subfield>
    <subfield code="7">0</subfield>
    <subfield code="a">SEACOMEC</subfield>
    <subfield code="b">SEACOMEC</subfield>
    <subfield code="d">2007-08-16</subfield>
    <subfield code="l">0</subfield>
    <subfield code="o">620.11 A277</subfield>
    <subfield code="p">8013</subfield>
    <subfield code="r">2024-08-27 15:15:59</subfield>
    <subfield code="t">7</subfield>
    <subfield code="w">2024-08-27</subfield>
    <subfield code="y">BOOK</subfield>
  </datafield>
  <datafield tag="952" ind1=" " ind2=" ">
    <subfield code="0">0</subfield>
    <subfield code="1">0</subfield>
    <subfield code="2">ddc</subfield>
    <subfield code="4">0</subfield>
    <subfield code="7">0</subfield>
    <subfield code="a">SEACOMEC</subfield>
    <subfield code="b">SEACOMEC</subfield>
    <subfield code="d">2007-08-16</subfield>
    <subfield code="l">0</subfield>
    <subfield code="o">620.11 A277</subfield>
    <subfield code="p">8014</subfield>
    <subfield code="r">2024-08-27 15:15:59</subfield>
    <subfield code="t">8</subfield>
    <subfield code="w">2024-08-27</subfield>
    <subfield code="y">BOOK</subfield>
  </datafield>
  <datafield tag="952" ind1=" " ind2=" ">
    <subfield code="0">0</subfield>
    <subfield code="1">0</subfield>
    <subfield code="2">ddc</subfield>
    <subfield code="4">0</subfield>
    <subfield code="7">0</subfield>
    <subfield code="a">SEACOMEC</subfield>
    <subfield code="b">SEACOMEC</subfield>
    <subfield code="d">2007-08-16</subfield>
    <subfield code="l">0</subfield>
    <subfield code="o">620.11 A277</subfield>
    <subfield code="p">8015</subfield>
    <subfield code="r">2024-08-27 15:15:59</subfield>
    <subfield code="t">9</subfield>
    <subfield code="w">2024-08-27</subfield>
    <subfield code="y">BOOK</subfield>
  </datafield>
  <datafield tag="999" ind1=" " ind2=" ">
    <subfield code="c">1648</subfield>
    <subfield code="d">1648</subfield>
  </datafield>
</record>
